00577nam a22001697a 450000500170000001000130001702000260003003500110005603700160006708200080008310000250009124500830011624600620019926000490026127000750031030000220038520190904171711.0 aUR-10433 c150.00a9789380352794 aU-8988 bDBAD/PUBa- a954 aمبا ر ک علی  aآ خر ی عہد مغليہ کا ہند و ستا ن cمبا ر ک علی  bAakhri Ahd Mughliya ka Hindustan (Urdu)aby Mubarak Ali  aDelhi bAl Hasanat Books Pvt.Ltd.c2013 ء  a3004/2Sir Syed Ahmed Road Darya Ganj bN.Delhie110002k01123271845l- a192 صc22 Cm(Hb)